The corner : (Record no. 2978)

MARC details
000 -LEADER
fixed length control field 02029cam a2200337 a 4500
001 - CONTROL NUMBER
control field 2978
003 - CONTROL NUMBER IDENTIFIER
control field FISKH
005 - DATE AND TIME OF LATEST TRANSACTION
control field 20240126151944.0
008 - FIXED-LENGTH DATA ELEMENTS--GENERAL INFORMATION
fixed length control field 970424s1997 nyuab 000 0 eng
010 ## - LIBRARY OF CONGRESS CONTROL NUMBER
LC control number 97016978
020 ## - INTERNATIONAL STANDARD BOOK NUMBER
International Standard Book Number 0767900308
020 ## - INTERNATIONAL STANDARD BOOK NUMBER
International Standard Book Number 9780767900317
040 ## - CATALOGING SOURCE
Original cataloging agency DLC
Transcribing agency DLC
Modifying agency DLC
Language of cataloging eng
043 ## - GEOGRAPHIC AREA CODE
Geographic area code n-us-md
050 00 - LIBRARY OF CONGRESS CALL NUMBER
Classification number HV5833.B2
Item number S55 1997
082 00 - DEWEY DECIMAL CLASSIFICATION NUMBER
Classification number 364.1/77/097526
Edition number 21
100 1# - MAIN ENTRY--PERSONAL NAME
Personal name Simon, David,
Dates associated with a name 1960-
245 14 - TITLE STATEMENT
Title The corner :
Remainder of title a year in the life of an inner-city neighborhood /
Statement of responsibility, etc. David Simon and Edward Burns.
250 ## - EDITION STATEMENT
Edition statement This edition published in 1998
260 ## - PUBLICATION, DISTRIBUTION, ETC.
Place of publication, distribution, etc. New York :
Name of publisher, distributor, etc. Broadway Books,
Date of publication, distribution, etc. 1997
300 ## - PHYSICAL DESCRIPTION
Extent 543 pages :
Other physical details illustrations, map ;
Dimensions 21 cm
520 ## - SUMMARY, ETC.
Summary, etc. The crime-infested intersection of West Fayette and Monroe Streets is well-known--and cautiously avoided--by most of Baltimore. But this notorious corner's 24-hour open-air drug market provides the economic fuel for a dying neighborhood. David Simon, an award-winning author and crime reporter, and Edward Burns, a 20-year veteran of the urban drug war, tell the chilling story of this desolate crossroad. Through the eyes of one broken family--two drug-addicted adults and their smart, vulnerable 15-year-old son, DeAndre McCollough, Simon and Burns examine the sinister realities of inner cities across the country and unflinchingly assess why law enforcement policies, moral crusades, and the welfare system have accomplished so little. This extraordinary book is a crucial look at the price of the drug culture and the poignant scenes of hope, caring, and love that astonishingly rise in the midst of a place America has abandoned.
650 #0 - SUBJECT ADDED ENTRY--TOPICAL TERM
Topical term or geographic name entry element Drug abuse
Geographic subdivision Maryland
-- Baltimore.
650 #0 - SUBJECT ADDED ENTRY--TOPICAL TERM
Topical term or geographic name entry element Drug addicts
Geographic subdivision Maryland
-- Baltimore.
650 #0 - SUBJECT ADDED ENTRY--TOPICAL TERM
Topical term or geographic name entry element Drug dealers
Geographic subdivision Maryland
-- Baltimore.
650 #0 - SUBJECT ADDED ENTRY--TOPICAL TERM
Topical term or geographic name entry element Inner cities
Geographic subdivision Maryland
-- Baltimore.
650 #0 - SUBJECT ADDED ENTRY--TOPICAL TERM
Topical term or geographic name entry element At-risk youth
Geographic subdivision Maryland
-- Baltimore.
700 1# - ADDED ENTRY--PERSONAL NAME
Personal name Burns, Edward,
Dates associated with a name 1946-
Relator term Author
906 ## - LOCAL DATA ELEMENT F, LDF (RLIN)
a 7
b cbc
c orignew
d 1
e ocip
f 19
g y-gencatlg
942 ## - ADDED ENTRY ELEMENTS (KOHA)
Source of classification or shelving scheme Dewey Decimal Classification
Koha item type Books
Suppress in OPAC No
Holdings
Withdrawn status Lost status Source of classification or shelving scheme Damaged status Not for loan Collection Home library Current library Shelving location Date acquired Total Checkouts Full call number Barcode Date last seen Price effective from Koha item type
    Dewey Decimal Classification     Non-Fiction Footprints International School Library Network Toul Kork Campus Footprints International School Library Network Toul Kork Campus   01/26/2024   SIM 364.177097526 HV5833.B2 FISSE04403 01/26/2024 01/26/2024 Books